000 02265 a2200265 4500
001 49336
005 20260407155756.0
008 260407a2019 arg spa d
003 AR-UNSa-BCEJYS
040 _aAR-UNSa-BCEJYS
_bspa
_cAR-UNSa-BCEJYS
080 _a349.2
_xDerecho del Trabajo
245 1 0 _aManual de elementos de derecho del trabajo y de la seguridad social
020 _a978-987-30-0771-2
264 1 _aSanta Fe :
_bRubinzal-Culzoni Editores
_c2019
300 _a888 p.
_c22 cm.
505 _aPrimera Parte: TEORÍA GENEREAL DEL DERECHO DEL TRABAJO: 1. El trabajo y el derecho del trabajo - 2. Los sujetos del derecho del trabajo - 3. Los principios en el derecho del trabajo - 4. Medios técnico-jurídico - 5. El sistema de fuentes del derecho del trabajo - 6. Derecho internacional del trabajo - - Segunda Parte: DERECHO DE LAS RELACIONES INDIVIDUALES DE TRABAJO: 7. El contrato de trabajo - 8. Duración del contrato y continuidad de las prestaciones recíprocas - 9. Objeto, forma y prueba del contrato de trabajo - 10. Los sujetos del contrato de trabajo - 11. Contrato de trabajo de los menores de edad - 12. Contrato de trabajo de las mujeres - 13. Derecho y deberes de las partes - 14. El salario - 15. Jornada de trabajo - 16. Pausas, descansos y licencias - 17. La suspensión en el contrato de trabajo - 18. La salud del trabajador y el contrato de trabajo - 19. Terminación del contrato de trabajo - 20. Prescripción y caducidad de créditos laborales - - Tercera Parte: DERECHO DE LAS RELACIONES COLECTIVAS DE TRABAJO: 21. Libertad sindical - 22. El sistema sindical Argentino y la libertad sindical. Ordenamiento positivo. Funcionamiento y estado actual del debate - 23. Negociación colectiva - 24. Conflictos colectivos de trabajo - - Cuarta Parte: DERECHO DE LA SEGURIDAD SOCIAL: 25. Seguridad social - 26. Instituciones jurídicas de la seguridad social - 27. La seguridad social en la Argentina.
041 _aspa
942 _cBK
590 _aniveau_biblio:m niveau_hierar:0
100 1 _aAckerman, Mario E.
700 1 _aMaza, Miguel Ángel
700 1 _aSudera, Alejandro
700 1 _aTula, Diego J.
856 4 1 _uhttps://www.biblioeco.unsa.edu.ar/pmb/images/libros/L128012.jpg
_yImagen de portada
_qimage/jpeg
999 _c4807
_d4807